Statistiken für Medias in Res Vok 25

Klicken Sie hier um das Quiz zu spielen!

Allgemein

  • Dieses Quiz wurde 432 mal gespielt
    (329 seit der letzten Aktualisierung)
  • Das Durchschnittsergebnis liegt bei 34 aus 48

Antwortstatistiken

AngabeÜbs / 2. Fall / GeschlechtAntwort% Korrekt
Perfektperveni
83%
dulcis/eÜbssüß
82%
gratiaÜbsDank
81%
Perfektinii
80%
Partizipperventum
80%
exitusÜbsAusgang, Ende, Tod
78%
pervenireÜbskommen, gelangen
78%
genusf.
77%
2. F.gratiae
77%
inireÜbshineingehen, betreten
77%
1. P.ineo
77%
Partizipinitum
77%
Konj.4
76%
gratias agereÜbsdanken
76%
poetaÜbsDichter
76%
genusm.
76%
Perfektpostulavi
76%
Partizippostulatum
75%
postero dieÜbsam folgenden Tag, am nächsten Tag
74%
fronsÜbsStirn
74%
2. F.exitus
73%
genusf.
73%
2. F.frontis
73%
Konj.1
72%
ignisÜbsFeuer
72%
genusm.
72%
genusm.
72%
2. F.poetae
72%
Perfektsumpsi
72%
Perfektstammlaesi
71%
Partiziplaesum
71%
Konj.3
70%
Konj.3
70%
2. F.ignis
70%
Partizipsumptum
70%
tandemÜbsendlich, schließlich
67%
constat, constitit (+ AcI)Übses steht fest (dass)
67%
Perfektprofui
66%
1. P.prosum
65%
posterus/a/umÜbsfolgend
64%
sumereÜbsnehmen
64%
laedereÜbs.verletzen
63%
plenus/a/um (+ Gen)Übsvoll
63%
veroÜbsaber
61%
postulareÜbs.fordern
59%
forteÜbszufällig
55%
prodesseÜbsnützen
53%
diligens, diligentis (2. F.)Übssorgfältig, genau
52%

Verteilung der Resultate

Perzentil nach korrekt beantworteten Fragen

Anzahl Personen mit jedem Resultat

Ihre Resultats-Entwicklung

Sie haben dieses Quiz seit der letzten Aktualisierung nicht gespielt